书目信息 |
| 题名: |
评价改变生态
|
|
| 作者: | 赵永军 著 | |
| 分册: | ||
| 出版信息: | 济南 山东文艺出版社 2021.04 |
|
| 页数: | 372页 | |
| 开本: | 24cm | |
| 丛书名: | ||
| 单 册: | ||
| 中图分类: | G40-058.1 | |
| 科图分类: | ||
| 主题词: | 教育评估--研究 | |
| 电子资源: | ||
| ISBN: | 978-7-5329-6334-8 | |
| 000 | 00885nam0 2200229 450 | |
| 001 | 012001000112 | |
| 005 | 20141201103102.0 | |
| 010 | @a978-7-5329-6334-8@dCNY58.00 | |
| 100 | @a20220905d2021 em y0chiy50 ea | |
| 101 | 0 | @achi |
| 102 | @aCN@b370000 | |
| 105 | @ay z 000yy | |
| 106 | @ar | |
| 200 | 1 | @a评价改变生态@Aping jia gai bian sheng tai@e中小学教育评价体系构建研究与实践@f赵永军著 |
| 210 | @a济南@c山东文艺出版社@d2021.04 | |
| 215 | @a372页@d24cm | |
| 330 | @a本书共九章,内容包括:评价体系构建研究与实践概述、评价促进校长队伍建设、评价促进教队伍建设、评价促进班主任队伍建设、评价提升教辅服务质量、评价促进学生全面发展、评价促进优质均衡发展、评价体系构建实践成果、肥城教育美好未来展望。 | |
| 606 | 0 | @a教育评估@x研究 |
| 690 | @aG40-058.1@v5 | |
| 701 | 0 | @a赵永军@Azhao yong jun@c(公务员)@4著 |
| 801 | 0 | @aCN@bAHXH@c20221111 |
| 905 | @b1361795-9@dG40-058.1@e1382@f5 | |
| 评价改变生态:中小学教育评价体系构建研究与实践/赵永军著.-济南:山东文艺出版社,2021.04 |
| 372页;24cm |
| ISBN 978-7-5329-6334-8:CNY58.00 |
| 本书共九章,内容包括:评价体系构建研究与实践概述、评价促进校长队伍建设、评价促进教队伍建设、评价促进班主任队伍建设、评价提升教辅服务质量、评价促进学生全面发展、评价促进优质均衡发展、评价体系构建实践成果、肥城教育美好未来展望。 |
| ● |
| 相关链接 |
|
|
|
|
正题名:评价改变生态
索取号:G40-058.1/1382
 
预约/预借
| 序号 | 登录号 | 条形码 | 馆藏地/架位号 | 状态 | 备注 |
| 1 | 1361795 | 213617950 | 第一样本阅览室/ [索取号:G40-058.1/1382] | 在馆 | |
| 2 | 1361796 | 213617969 | 教育系资料室/ [索取号:G40-058.1/1382] | 在馆 | |
| 3 | 1361797 | 213617978 | 教育系资料室/ [索取号:G40-058.1/1382] | 在馆 | |
| 4 | 1361798 | 213617987 | 第四借阅区/ [索取号:G40-058.1/1382] | 在馆 | |
| 5 | 1361799 | 213617996 | 第四借阅区/ [索取号:G40-058.1/1382] | 在馆 |